000 01050cab a2200289 4500
001 ABS59936
008 090401t1998 xxu||||| |||| 00| 0 eng d
035 _a(Sirsi) u90691
041 _aeng
245 _aSurvey: Birmingham & West Midlands
260 _c1998
350 _a0
490 _aInvestors Chronicle
_v126(1610) 23 December 1998, 79-86(8)
520 _aA survey of Birmingham and the West Midlands looking at the city`s conference facilities, the commercial property market, inward investment and the current state of the motor industry.
650 _aBIRMINGHAM
650 _aCONFERENCE FACILITIES
650 _aINWARD INVESTMENT
650 _aMOTOR INDUSTRY
650 _aMOTOR TRADE
650 _aPROPERTY-COMMERCIAL PROPERTY-OFFICE PROPERTY-OFFICE PROPERTY MARKET
650 _aPROPERTY MARKET
650 _aPROPERTY-COMMERCIAL PROPERTY-RETAIL PROPERTY-RETAIL PROPERTY MARKET
650 _aWEST MIDLANDS
690 _aPROPERTY-COMMERCIAL PROPERTY-COMMERCIAL PROPERTY MARKET
942 _n0
948 _c14/01/1999
999 _c57509
_d57509